000 00456nam a2200193Ia 4500
005 20240823042201.0
008 240823s9999||||xx |||||||||||||| ||und||
020 _a81-219-0420-X
041 _aENGLISH
082 _A621.381 P5
100 _aSedha R S
245 0 _aApplied Electronics
250 _a1st
260 _c2005
_bS chand New D
_aNew Delhi
500 _aTRANSFERED
650 _aElectronics
_bElectronics
942 _cBK
999 _c207270
_d207270